Catálogo
 En Linea

Contribución al estudio de la Momordica Charantia: (Registro nro. 55719)

Detalles MARC
000 -CABECERA
campo de control de longitud fija 01591nam a2200277 c 4500
003 - IDENTIFICADOR DEL NÚMERO DE CONTROL
campo de control DO-SdBNP
005 - FECHA Y HORA DE LA ÚLTIMA TRANSACCIÓN
campo de control 20240117133646.0
006 - CÓDIGOS DE INFORMACIÓN DE LONGITUD FIJA--CARACTERÍSTICAS DEL MATERIAL ADICIONAL
campo de control de longitud fija a||||fr|||| 00| 0
007 - CAMPO FIJO DE DESCRIPCIÓN FÍSICA--INFORMACIÓN GENERAL
campo de control de longitud fija ta
008 - DATOS DE LONGITUD FIJA--INFORMACIÓN GENERAL
campo de control de longitud fija 240117e1944 dr o||| m||| 00| 0 spa d
040 ## - FUENTE DE LA CATALOGACIÓN
Centro catalogador/agencia de origen DO-SdBNP
Lengua de catalogación spa
Centro/agencia transcriptor BNPHU
Normas de descripción rda
082 #4 - NÚMERO DE LA CLASIFICACIÓN DECIMAL DEWEY
Número de edición 22
Número de documento/Ítem S477c
245 10 - MENCIÓN DE TÍTULO
Título Contribución al estudio de la Momordica Charantia:
Resto del título tesis para el doctorado, año académico 1944-1945 no. 4 /
Mención de responsabilidad, etc. Altagracia Olimpia Senior Acosta.
246 ## - FORMA VARIANTE DE TÍTULO
Título propio/Titulo breve tesis para el doctorado.
264 ## - PRODUCCIÓN, PUBLICACIÓN, DISTRIBUCIÓN, FABRICACIÓN Y COPYRIGHT
Producción, publicación, distribución, fabricación y copyright Ciudad Trujillo :
Nombre del de productor, editor, distribuidor, fabricante Montalvo,
Fecha de producción, publicación, distribución, fabricación o copyright 1944
300 ## - DESCRIPCIÓN FÍSICA
Extensión 50 página ;
Otras características físicas Ilustraciones, fotografías ;
Dimensiones 28 cm
336 ## - TIPO DE CONTENIDO
Fuente rdacontent
Término de tipo de contenido texto
Código de tipo de contenido txt
337 ## - TIPO DE MEDIO
Fuente rdamedia
Nombre/término del tipo de medio sin mediación
Código del tipo de medio n
338 ## - TIPO DE SOPORTE
Fuente rdacarrier
Nombre/término del tipo de soporte volumen
Código del tipo de soporte nc
500 ## - NOTA GENERAL
Nota general "La Universidad no se hace solidaria de las opiniones emitidas por el sustentante". Ord. #. 21/ 40, de fecha 30 de septiembre del 1940.
504 ## - NOTA DE BIBLIOGRAFÍA, ETC.
Nota de bibliografía, etc. Bibliografía: 48 páginas.
505 ## - NOTA DE CONTENIDO CON FORMATO
Nota de contenido con formato Introducción.
Información miscelánea Primera Parte:
Título Estudio botánico de las Cucububitáces.--
Información miscelánea Segunda Parte:
Título Notación botánica.-- Sinonimia.-- Momordica Charantis Abbreviata.--
Información miscelánea Tercera Parte:
Título Histología.--
Información miscelánea Cuarta Parte:
Título Composición química.-- Cenizas. Calcio.-- Investigación de alcaloides.-- Reactivo Sonneschein.-- Reactivos Mayr y Marmé.-- Reactivos de Dranggendorff, Bouchardat.-- Investigación de Glucósidos.--
Información miscelánea Quinta Parte:
Título Experiencias Fisiológicas.--Nómina de muestra.-
-- Conclusiones.
-- Bibliografía
590 ## - NOTA LOCAL (RLIN)
Nota local Inventariado 2024 / MF
710 1# - PUNTO DE ACCESO ADICIONAL--NOMBRE DE ENTIDAD CORPORATIVA
Nombre de entidad corporativa o nombre de jurisdicción como elemento de entrada Instituto Profesional de Santo Domingo
Unidad subordinada Faculta de Derecho Civil
9 (RLIN) 84783
942 ## - ELEMENTOS DE PUNTO DE ACCESO ADICIONAL (KOHA)
Fuente del sistema de clasificación o colocación Dewey Decimal Classification
Tipo de ítem Koha Libro
Existencias
Estado de retiro Estado de pérdida Fuente del sistema de clasificación o colocación Restricciones de uso No para préstamo Código de colección Localización permanente Ubicación/localización actual Ubicación en estantería Fecha de adquisición Fuente de adquisición Total de préstamos Signatura topográfica completa Código de barras Fecha visto por última vez Precio válido a partir de Tipo de ítem Koha
    Dewey Decimal Classification Excluido de préstamo   Patrimonio Dominicano Biblioteca Nacional Pedro Henríquez Ureña Biblioteca Nacional Pedro Henríquez Ureña En catalogación 17.01.2024 Perteneció a la bibliioteca de Carlos Larrazábal Blanco   S477c 2024-0291 17.01.2024 17.01.2024 Libro

Con tecnología Koha